• 首页
  • 本馆介绍
  • 公告通知
  • 最新文献
  • 馆藏检索
  • 电子资源
  • 读者导购
  • 参考咨询
  • 我的图书馆
  • 登录
  • 详细信息显示
  • 放入我的书架
  • 预约/预借图书
  • 作者相关作品
  • 分类相关作品
  • 丛书相关作品
  • 出版社相关作品

书目信息

  • 表格格式
  • 工作单格式
  • 卡片格式
题名:
读者文摘
    
 
作者: 谢玲 主编
分册:   我的父母我的故乡
出版信息: 北京   北京工业大学出版社  2016
页数: 260页
开本: 24cm
丛书名:
单 册:
中图分类: Z89
科图分类:
主题词: 文摘--wen zhai--世界
电子资源:
ISBN: 978-7-5639-4803-1
000 00835nam 2200265 450
001 1768747500
005 20170403190634.58
010    @a978-7-5639-4803-1@dCNY28.00
100    @a20160906d2016 em y0chiy50 ea
101 0  @achi
102    @aCN@b110000
105    @ay z 000yy
106    @ar
200 1  @a读者文摘@Adu zhe wen zhai@i我的父母我的故乡@f谢玲主编
210    @a北京@c北京工业大学出版社@d2016
215    @a260页@d24cm
300    @a典藏版
330    @a本书主要内容包括: 我的母亲 ; 背影 ; 第二度的青春 ; 母亲的时钟 ; 恐怖 ; 旧宅 ; 旅人的心 ; 两个家 ; 清明 ; 中秋节 ; 三年 ; 家庭以外的人等。
517 1  @a我的父母我的故乡@Awo de fu mu wo de gu xiang
606 0  @a文摘@Awen zhai@y世界
690    @aZ89@v5
701  0 @a谢玲@Axie ling@4主编
801  0 @aCN@bNHL@c20160906
905    @aBZT@dZ89@e16
998    @aJSZS
    
    读者文摘.我的父母我的故乡/谢玲主编.-北京:北京工业大学出版社,2016
    260页;24cm
    典藏版
    
    ISBN 978-7-5639-4803-1:CNY28.00
    本书主要内容包括: 我的母亲 ; 背影 ; 第二度的青春 ; 母亲的时钟 ; 恐怖 ; 旧宅 ; 旅人的心 ; 两个家 ; 清明 ; 中秋节 ; 三年 ; 家庭以外的人等。
●
相关链接 在五车中查询图书 在当当中查询图书 在豆瓣中查询图书


正题名:读者文摘     索取号:Z89/16         预约/预借

序号 登录号 条形码 馆藏地/架位号 状态 备注
1 826679   2000826679   第二书库/ [索取号:Z89/16] 在馆    
2 826680   2000826680   第二书库/ [索取号:Z89/16] 在馆    
3 826681   2000826681   第二书库/ [索取号:Z89/16] 在馆    
山东省滨州职业学院图书馆 欢迎您!
大连网信软件有限公司© 版权所有